Score 0/20 Timer 03:00
5 Plays Today
Distance Country % Correct
519.01 kmKenya
86.6%
785.83 kmNiger
84.1%
746.88 kmSomalia
83.1%
477.47 kmDemocratic Republic of the Congo
80.3%
624.34 kmDjibouti
79.6%
780.14 kmNigeria
79.3%
186.96 kmSaudi Arabia
78.7%
668.39 kmUganda
78.6%
1,207.74 kmRwanda
78.1%
833.48 kmIsrael
76%
Distance Country % Correct
471.07 kmYemen
75%
1,171.21 kmTanzania
71.9%
806.51 kmJordan
67.8%
740.64 kmCameroon
64.9%
1,164.32 kmSyria
62.9%
1,026.77 kmPalestine
61.1%
1,236.01 kmLebanon
59.8%
1,124.41 kmIraq
56.4%
884.27 kmRepublic of the Congo
55.1%
1,252.63 kmKuwait
45.9%
Remove Ads.
Support Sporcle.
Get the best of Sporcle when you Go Orange. This ad-free experience offers more features, more stats, and more fun while also helping to support Sporcle. Thank you for becoming a member.

You're not logged in!

Compare scores with friends on all Sporcle quizzes.
OR
Log In

Sporcle TV

Today on Sporcle TV


Watch our educational content, quiz creation guides, and fun videos on Sporcle TV.

Show Comments

Extras

Top Quizzes Today


Score Distribution

Paid Content

Your Account Isn't Verified!

In order to create a playlist on Sporcle, you need to verify the email address you used during registration. Go to your Sporcle Settings to finish the process.

Report this User

Report this user for behavior that violates our Community Guidelines.

Details: